The oil and gas resources of Kentucky, a geological review of the past development and the present status of the industry in each of the one hundred and twenty counties in the commonwealth, by Willard Rouse Jillson ... illustrated with photographs, maps and diagrams. (Record no. 25966)

MARC details
000 -LEADER
fixed length control field 01127cam a22002411 4500
001 - CONTROL NUMBER
control field gs 19000449
003 - CONTROL NUMBER IDENTIFIER
control field DLC
005 - DATE AND TIME OF LATEST TRANSACTION
control field 20260227111324.0
008 - FIXED-LENGTH DATA ELEMENTS--GENERAL INFORMATION
fixed length control field 760729s1919 xx 000 0 eng
010 ## - LIBRARY OF CONGRESS CONTROL NUMBER
LC control number gs 19000449
035 ## - SYSTEM CONTROL NUMBER
System control number (OCoLC)2341359
040 ## - CATALOGING SOURCE
Original cataloging agency DLC
Transcribing agency OTU
Modifying agency MsHaU
-- DLC
042 ## - AUTHENTICATION CODE
Authentication code premarc
050 00 - LIBRARY OF CONGRESS CALL NUMBER
Classification number QE115
Item number .A25 no. 1
100 1# - MAIN ENTRY--PERSONAL NAME
Personal name Jillson, Willard Rouse,
Dates associated with a name 1890-
245 14 - TITLE STATEMENT
Title The oil and gas resources of Kentucky, a geological review of the past development and the present status of the industry in each of the one hundred and twenty counties in the commonwealth, by Willard Rouse Jillson ... illustrated with photographs, maps and diagrams.
260 ## - PUBLICATION, DISTRIBUTION, ETC.
Place of publication, distribution, etc. Frankfort, Ky.,
Name of publisher, distributor, etc. Dept. of geology and forestry,
Date of publication, distribution, etc. 1919.
300 ## - PHYSICAL DESCRIPTION
Extent xvi, 630 p.
Other physical details incl. front., illus., diagrs. fold. map. and IV fold . pl., 8 fold maps, 2 fold. in.
Dimensions 24 cm.
490 0# - SERIES STATEMENT
Series statement Kentucky. Dept. of geology and forestry. Series 5. Bulletin 1
504 ## - BIBLIOGRAPHY, ETC. NOTE
Bibliography, etc. note "A revised bibliography of petroleum, natural gas, asphalt and oil shale in Ketucky": p. [586]-595.
650 #0 - SUBJECT ADDED ENTRY--TOPICAL TERM
Topical term or geographic name entry element Petroleum
Geographic subdivision Kentucky.
650 #0 - SUBJECT ADDED ENTRY--TOPICAL TERM
Topical term or geographic name entry element Natural gas
Geographic subdivision Kentucky.

No items available.

Powered by Koha